[Event "CAN-op U1800"]
[Site "Sault Ste Marie CAN"]
[Date "2017.07.10"]
[Round "3.28"]
[White "McNichol, Paul"]
[Black "Thomson, Bruce"]
[Result "1-0"]
[WhiteElo "1556"]
[BlackElo "1371"]
[WhiteFideId "-1"]
[WhiteFideId "-1"]
[PlyCount "88"]
[GameId "2160767908344103"]
[EventDate "2017.07.08"]
[EventType "swiss"]
[EventRounds "9"]
[EventCountry "CAN"]
[SourceTitle "hb 2017"]

1. e4 c6 2. d4 d5 3. Nd2 dxe4 4. Nxe4 e6 5. Nf3 Be7 6. Bd3 Nf6 7. O-O Nxe4 8. Bxe4 O-O 9. c3 Nd7 10. Qc2 Nf6 11. Bd3 h6 12. Ne5 Qc7 13. Re1 Bd6 14. f4 Bxe5 15. fxe5 Nd5 16. Qe2 Ne7 17. Qe4 Ng6 18. h4 f5 19. exf6 Rxf6 20. h5 Nf8 21. Bd2 Qf7 22. Qe2 Nh7 23. Rf1 Qe7 24. Rxf6 Nxf6 25. Rf1 Bd7 26. Bg6 Be8 27. Qd3 Kh8 28. Bxe8 Rxe8 29. Qf3 Nh7 30. Qf7 Nf6 31. Qxe7 Rxe7 32. Bxh6 gxh6 33. Rxf6 Kg7 34. Rf2 e5 35. dxe5 Rxe5 36. Rd2 Rd5 37. Rxd5 cxd5 38. Kf2 Kf6 39. Kf3 Ke5 40. Ke3 Kf5 41. Kf3 Kg5 42. g4 b6 43. a3 a6 44. b3 b5 1-0

[Event "CAN-op U1800"]
[Site "Sault Ste Marie CAN"]
[Date "2017.07.12"]
[Round "3.42"]
[White "Gillanders, Robert"]
[Black "Wang, Kai"]
[Result "0-1"]
[WhiteElo "1771"]
[BlackElo "1679"]
[WhiteFideId "-1"]
[WhiteFideId "-1"]
[PlyCount "80"]
[GameId "2160767908344105"]
[EventDate "2017.07.08"]
[EventType "swiss"]
[EventRounds "9"]
[EventCountry "CAN"]
[SourceTitle "hb 2017"]

1. d4 Nf6 2. c4 c5 3. d5 e6 4. Nc3 exd5 5. cxd5 d6 6. e4 g6 7. Nf3 Bg7 8. Bd3 O-O 9. h3 Re8 10. O-O c4 11. Bc2 b5 12. Re1 Qb6 13. Be3 Qa5 14. a3 a6 15. Nd4 Bb7 16. f4 Nbd7 17. Nf3 Qc7 18. Nd2 Nc5 19. Qf3 Re7 20. Qf2 Nfd7 21. Rac1 Rae8 22. Bd4 Nf6 23. Bxc5 dxc5 24. Rcd1 Nxd5 25. e5 Nxc3 26. bxc3 f6 27. Ne4 fxe5 28. Nxc5 Bc8 29. Be4 exf4 30. Bd5+ Kh8 31. Rxe7 Qxe7 32. Ne4 Rf8 33. Qd2 Bf5 34. Nf2 Qe3 35. Kf1 Qxd2 36. Rxd2 Bxc3 37. Re2 Rd8 38. Bb7 a5 39. Ba6 Bd3 40. Nxd3 cxd3 0-1

[Event "CAN-op U1800"]
[Site "Sault Ste Marie CAN"]
[Date "2017.07.12"]
[Round "3.43"]
[White "Kuttner, Amos"]
[Black "Dagan, Alfred"]
[Result "1-0"]
[WhiteElo "1706"]
[BlackElo "1727"]
[WhiteFideId "-1"]
[WhiteFideId "-1"]
[PlyCount "96"]
[GameId "2160767908344106"]
[EventDate "2017.07.08"]
[EventType "swiss"]
[EventRounds "9"]
[EventCountry "CAN"]
[SourceTitle "hb 2017"]

1. e4 e5 2. Nf3 Nc6 3. Bb5 a6 4. Bxc6 dxc6 5. O-O Bd6 6. h3 Nf6 7. Re1 O-O 8. d4 Re8 9. dxe5 Re6 10. exf6 gxf6 11. Nc3 b5 12. Nd4 Re8 13. Nxc6 Qd7 14. Nd4 Kh8 15. Nf5 Rg8 16. Nd5 Qe6 17. Qh5 Bb7 18. Nd4 Qe5 19. Qxe5 fxe5 20. Nf5 Rg6 21. Nxd6 cxd6 22. Ne7 Re6 23. Nf5 Rg8 24. f3 d5 25. Bd2 dxe4 26. fxe4 Reg6 27. g3 Rf6 28. g4 h5 29. g5 Re6 30. Kf2 Rc8 31. c3 Rc4 32. Kf3 Kh7 33. b3 Rc8 34. a4 f6 35. h4 fxg5 36. hxg5 Rf8 37. Ke3 Kg6 38. Kd3 Bxe4+ 39. Rxe4 Rxf5 40. axb5 axb5 41. Rae1 Rf2 42. R1e2 Rd6+ 43. Kc2 Rxe2 44. Rxe2 Kf5 45. c4 bxc4 46. bxc4 e4 47. Rg2 h4 48. c5 h3 1-0

[Event "CAN-op U1800"]
[Site "Sault Ste Marie CAN"]
[Date "2017.07.12"]
[Round "3.44"]
[White "Piche, Jeremie"]
[Black "Konovalenko, Nicholas"]
[Result "1/2-1/2"]
[WhiteElo "1686"]
[BlackElo "1706"]
[WhiteFideId "-1"]
[WhiteFideId "-1"]
[PlyCount "95"]
[GameId "2160767908344107"]
[EventDate "2017.07.08"]
[EventType "swiss"]
[EventRounds "9"]
[EventCountry "CAN"]
[SourceTitle "hb 2017"]

1. e4 c5 2. Nf3 Nc6 3. d3 Nf6 4. g3 g6 5. Bg2 d5 6. Nbd2 dxe4 7. dxe4 Bg7 8. O-O O-O 9. c3 Bg4 10. h3 Bd7 11. e5 Ne8 12. Re1 Qc8 13. Kh2 b5 14. Nb3 c4 15. Nc5 Nb8 16. Nxd7 Nxd7 17. Nd4 Rb8 18. Nc6 Kh8 19. Nxb8 Nxb8 20. Bf4 Nc7 21. Qf3 Ne6 22. Qb7 Qxb7 23. Bxb7 Nc5 24. Bg2 Nd3 25. Re2 h6 26. h4 Nd7 27. Bc6 N7xe5 28. Bxe5 Nxe5 29. Bxb5 Rb8 30. a4 Rb6 31. f4 Nd3 32. Bxc4 Nxb2 33. Bxf7 Bf6 34. Bxg6 Bxc3 35. h5 Bf6 36. Ra2 a5 37. Kh3 Kg7 38. Kg4 Rb4 39. Re4 Rb3 40. Re6 Nc4 41. Rae2 Nb6 42. R2e3 Rb2 43. Be8 Nd5 44. Rd3 Nc7 45. Rxf6 Kxf6 46. Bc6 Rc2 47. Bb5 Rc5 48. Bd7 1/2-1/2

[Event "CAN-op U1800"]
[Site "Sault Ste Marie CAN"]
[Date "2017.07.12"]
[Round "3.45"]
[White "Sharma, Vishruth"]
[Black "Zhao, Jeffrey Renfei"]
[Result "0-1"]
[WhiteElo "1719"]
[BlackElo "1525"]
[WhiteFideId "-1"]
[WhiteFideId "-1"]
[PlyCount "88"]
[GameId "2160767908344108"]
[EventDate "2017.07.08"]
[EventType "swiss"]
[EventRounds "9"]
[EventCountry "CAN"]
[SourceTitle "hb 2017"]

1. e4 e5 2. Nf3 Nc6 3. d4 exd4 4. Nxd4 Bc5 5. Be3 Qf6 6. c3 Nge7 7. Bc4 Ne5 8. Be2 Qg6 9. O-O O-O 10. Nd2 d6 11. Kh1 Bd7 12. a4 a5 13. Nc2 Bxe3 14. Nxe3 f5 15. exf5 Nxf5 16. Nxf5 Bxf5 17. Nc4 Nxc4 18. Bxc4+ Kh8 19. Qd4 Rae8 20. Rad1 Re4 21. Qd3 Rg4 22. Qe2 Re8 23. Qd2 Rxc4 24. f3 Rc5 25. Rfe1 Rce5 26. Rxe5 Rxe5 27. Re1 Qe6 28. Rd1 Re2 29. Qc1 Qe3 30. Qxe3 Rxe3 31. Kg1 g6 32. Kf2 Re5 33. Rd4 Kg7 34. g4 Bc2 35. f4 Re4 36. Rxe4 Bxe4 37. b4 Bc2 38. bxa5 Bxa4 39. Ke3 Kf6 40. Kd4 Bc6 41. h4 Bf3 42. g5+ Kf5 43. Ke3 Be4 44. c4 c5 0-1

[Event "CAN-op U1800"]
[Site "Sault Ste Marie CAN"]
[Date "2017.07.12"]
[Round "3.46"]
[White "MacInnis, Jamie"]
[Black "Kilroy, Evan"]
[Result "0-1"]
[WhiteElo "1691"]
[BlackElo "1592"]
[WhiteFideId "-1"]
[WhiteFideId "-1"]
[PlyCount "36"]
[GameId "2160767908344109"]
[EventDate "2017.07.08"]
[EventType "swiss"]
[EventRounds "9"]
[EventCountry "CAN"]
[SourceTitle "hb 2017"]

1. e4 e5 2. Nf3 Nc6 3. Bb5 a6 4. Ba4 Nf6 5. O-O Bc5 6. d3 d6 7. h3 b5 8. Bb3 Ne7 9. Ng5 O-O 10. c3 Ba7 11. a4 h6 12. Nxf7 Rxf7 13. Bxf7+ Kxf7 14. axb5 axb5 15. Qb3+ Be6 16. Qxb5 Bxf2+ 17. Kxf2 Rxa1 18. Nd2 Qa8 0-1

[Event "CAN-op U1800"]
[Site "Sault Ste Marie CAN"]
[Date "2017.07.12"]
[Round "3.47"]
[White "Sztuka, Jeremy"]
[Black "Clarke, Brian"]
[Result "0-1"]
[WhiteElo "1526"]
[BlackElo "1690"]
[WhiteFideId "-1"]
[WhiteFideId "-1"]
[PlyCount "132"]
[GameId "2160767908344110"]
[EventDate "2017.07.08"]
[EventType "swiss"]
[EventRounds "9"]
[EventCountry "CAN"]
[SourceTitle "hb 2017"]

1. b3 d5 2. Bb2 Nf6 3. e3 Bf5 4. f4 e6 5. Nf3 Be7 6. Be2 h6 7. Na3 c6 8. c4 Qa5 9. Nc2 c5 10. O-O Nc6 11. cxd5 exd5 12. Bc3 Qb6 13. a4 Qxb3 14. Nce1 Qxd1 15. Bxd1 O-O 16. Nh4 Bg4 17. Nhf3 Ne4 18. Bb2 Nb4 19. d3 Bxf3 20. Rxf3 Bf6 21. Bxf6 Nxf6 22. Rb1 Rfe8 23. h3 Re7 24. Kf2 a5 25. Ke2 Rae8 26. Rb2 Nd7 27. Nc2 Nb6 28. Nxb4 cxb4 29. g4 Rc8 30. Bb3 Rec7 31. e4 dxe4 32. dxe4 Rc3 33. Rd3 Rxd3 34. Kxd3 Rc3+ 35. Kd4 Rxh3 36. Kc5 Nd7+ 37. Kd5 b6 38. Kc6 Rd3 39. Bd5 Nf6 40. Rb3 Rxb3 41. Bxb3 Nxe4 42. Kxb6 Nd2 43. Bd1 b3 44. Kxa5 Kf8 45. Ka6 Ke7 46. a5 Kd6 47. Kb7 b2 48. Bc2 Nb3 49. a6 Na5+ 50. Kb6 Nc6 51. a7 Nxa7 52. Kxa7 g5 53. fxg5 hxg5 54. Kb6 Ke5 55. Kc5 Kf4 56. Kc4 Kxg4 57. Kb3 f5 58. Kxb2 f4 59. Kc1 Kg3 60. Kd2 g4 61. Ke1 Kg2 62. Bd3 f3 63. Bf1+ Kg1 64. Bc4 g3 65. Kd2 f2 66. Ke3 f1=Q 0-1

[Event "CAN-op U1800"]
[Site "Sault Ste Marie CAN"]
[Date "2017.07.12"]
[Round "3.48"]
[White "Jones, Avery"]
[Black "Essery, Richard"]
[Result "1-0"]
[WhiteElo "1392"]
[BlackElo "1630"]
[WhiteFideId "-1"]
[WhiteFideId "-1"]
[PlyCount "65"]
[GameId "2160767908344111"]
[EventDate "2017.07.08"]
[EventType "swiss"]
[EventRounds "9"]
[EventCountry "CAN"]
[SourceTitle "hb 2017"]

1. d4 e5 2. e3 e4 3. c4 f5 4. Nc3 Nf6 5. Be2 d6 6. Bd2 Be6 7. Nh3 h6 8. Nf4 Bf7 9. O-O Nc6 10. Qa4 Qd7 11. c5 dxc5 12. Bb5 cxd4 13. exd4 g5 14. d5 Nxd5 15. Nfxd5 Bxd5 16. Nxd5 Qxd5 17. Bc3 Rh7 18. Rad1 Qe6 19. Bc4 Qg6 20. Rd5 Bd6 21. Bb5 Kf8 22. Rfd1 Ne7 23. R5d2 Qh5 24. g3 Qg6 25. Bb4 Nc8 26. Qa3 f4 27. Bxd6+ Nxd6 28. Rxd6 cxd6 29. Rxd6 Qxd6 30. Qxd6+ Kg8 31. Qe6+ Kh8 32. Qf6+ Rg7 33. Qxh6+ 1-0

[Event "CAN-op U1800"]
[Site "Sault Ste Marie CAN"]
[Date "2017.07.12"]
[Round "3.49"]
[White "Vo, Andy"]
[Black "Huang, Youhe"]
[Result "1-0"]
[WhiteElo "1512"]
[BlackElo "1448"]
[WhiteFideId "-1"]
[WhiteFideId "-1"]
[PlyCount "61"]
[GameId "2160767908344112"]
[EventDate "2017.07.08"]
[EventType "swiss"]
[EventRounds "9"]
[EventCountry "CAN"]
[SourceTitle "hb 2017"]

1. e4 c5 2. Nf3 d6 3. d4 cxd4 4. Nxd4 Nf6 5. Nc3 g6 6. Be3 Bg7 7. f3 O-O 8. Qd2 Nc6 9. g4 Bd7 10. h4 h5 11. g5 Ne8 12. O-O-O Rc8 13. Kb1 a6 14. f4 e6 15. Bh3 Ne7 16. Rhf1 b5 17. f5 Nc6 18. fxg6 Nxd4 19. gxf7+ Rxf7 20. Bxd4 Rxf1 21. Rxf1 e5 22. Bxd7 exd4 23. Be6+ Kh8 24. Nd5 Rc5 25. Nf4 Qc7 26. Nxh5 Qe7 27. Nxg7 Nxg7 28. Bd5 Qc7 29. Rf7 Qc8 30. Qxd4 Qg8 31. Qf6 1-0

[Event "CAN-op U1800"]
[Site "Sault Ste Marie CAN"]
[Date "2017.07.12"]
[Round "3.50"]
[White "Jacobs, Michael"]
[Black "Bui, Alan"]
[Result "0-1"]
[WhiteElo "1603"]
[BlackElo "1716"]
[WhiteFideId "-1"]
[WhiteFideId "-1"]
[PlyCount "30"]
[GameId "2160767908344113"]
[EventDate "2017.07.08"]
[EventType "swiss"]
[EventRounds "9"]
[EventCountry "CAN"]
[SourceTitle "hb 2017"]

1. e4 e5 2. f4 d5 3. exd5 exf4 4. d4 Qh4+ 5. g3 fxg3 6. Nf3 g2+ 7. Nxh4 gxh1=Q 8. Qe2+ Be7 9. Nf3 Bg4 10. Qb5+ c6 11. Qxb7 Qxf3 12. Qxa8 Qd1+ 13. Kf2 Bh4+ 14. Ke3 Qxc1+ 15. Nd2 Bg5+ 0-1

[Event "CAN-op U1800"]
[Site "Sault Ste Marie CAN"]
[Date "2017.07.12"]
[Round "3.51"]
[White "Piche, Zachary"]
[Black "Makarczyk, David"]
[Result "0-1"]
[WhiteElo "1456"]
[BlackElo "1414"]
[WhiteFideId "-1"]
[WhiteFideId "-1"]
[PlyCount "66"]
[GameId "2160767908344114"]
[EventDate "2017.07.08"]
[EventType "swiss"]
[EventRounds "9"]
[EventCountry "CAN"]
[SourceTitle "hb 2017"]

1. d4 Nf6 2. c4 c5 3. d5 b5 4. cxb5 a6 5. bxa6 g6 6. Nc3 Bxa6 7. e4 d6 8. Nf3 Bxf1 9. Kxf1 Bg7 10. g3 O-O 11. Kg2 Nbd7 12. h3 c4 13. Qe2 Qc8 14. Nd4 Ne5 15. f4 Nd3 16. Nc6 Re8 17. e5 Nxd5 18. Nxe7+ Nxe7 19. exd6 Qc6+ 20. Kh2 Qxd6 21. Rd1 Nd5 22. Qc2 Bxc3 23. bxc3 Ne3 24. Bxe3 Rxe3 25. Qd2 Rae8 26. Re1 Rxe1 27. Rxe1 Rxe1 28. a4 Qe7 29. a5 Re2+ 30. Qxe2 Qxe2+ 31. Kg1 Qf2+ 32. Kh1 Qxg3 33. h4 Nf2# 0-1

[Event "CAN-op U1800"]
[Site "Sault Ste Marie CAN"]
[Date "2017.07.11"]
[Round "4.33"]
[White "McGilly, Craig"]
[Black "Crnilovic, Grisha"]
[Result "0-1"]
[WhiteElo "1524"]
[BlackElo "1617"]
[WhiteFideId "-1"]
[WhiteFideId "-1"]
[PlyCount "126"]
[GameId "2160767908344115"]
[EventDate "2017.07.08"]
[EventType "swiss"]
[EventRounds "9"]
[EventCountry "CAN"]
[SourceTitle "hb 2017"]

1. f4 d5 2. Nf3 Nf6 3. e3 Bf5 4. b3 e6 5. Bb2 Be7 6. Nc3 O-O 7. Ne2 Nbd7 8. Ng3 Bg6 9. Nh4 c5 10. Nxg6 fxg6 11. Be2 Qc7 12. O-O Bd6 13. Bf3 g5 14. fxg5 Bxg3 15. hxg3 Ne8 16. Qe1 Ne5 17. Be2 Rf5 18. Rxf5 exf5 19. Qf2 g6 20. Qf4 Nf7 21. Qxc7 Nxc7 22. Bf6 Ne8 23. Be7 Rc8 24. Bf3 Rc7 25. Bf6 Nxf6 26. gxf6 Rd7 27. d4 cxd4 28. exd4 Ng5 29. Re1 Ne4 30. g4 Nxf6 31. gxf5 g5 32. Re6 Kg7 33. g4 Rc7 34. Bd1 Ne4 35. a3 Nc3 36. Bf3 Nb5 37. Bxd5 Nxd4 38. f6+ Kf8 39. Re7 Rxe7 40. fxe7+ Kxe7 41. Bxb7 Nxc2 42. a4 a5 43. Be4 Ne3 44. Bxh7 Nxg4 45. Kg2 Ne5 46. Kg3 Kd6 47. Bg8 Kc5 48. Be6 Kb4 49. Kf2 Nd3+ 50. Ke3 Nc5 51. Bc4 Nxb3 52. Bb5 Nc5 53. Be8 Nxa4 54. Kf3 Nc3 55. Kg4 Nb5 56. Kxg5 a4 57. Bf7 Nd4 58. Kf4 a3 59. Ba2 Kc3 60. Ke3 Kb2 61. Bc4 Nb3 62. Kd3 a2 63. Bf7 a1=Q 0-1

[Event "CAN-op U1800"]
[Site "Sault Ste Marie CAN"]
[Date "2017.07.11"]
[Round "4.34"]
[White "Benggawan, Undriadi"]
[Black "Itkin, Victor"]
[Result "0-1"]
[WhiteElo "1639"]
[BlackElo "1761"]
[WhiteFideId "-1"]
[WhiteFideId "-1"]
[PlyCount "80"]
[GameId "2160767908344116"]
[EventDate "2017.07.08"]
[EventType "swiss"]
[EventRounds "9"]
[EventCountry "CAN"]
[SourceTitle "hb 2017"]

1. d4 Nf6 2. Bg5 g6 3. Bxf6 exf6 4. e3 d5 5. c4 Be6 6. c5 a5 7. Nc3 Bg7 8. Bd3 O-O 9. Nge2 Nd7 10. Rc1 c6 11. a3 f5 12. O-O Qc7 13. Nf4 Bh6 14. Nce2 Nf6 15. g3 Bd7 16. Kh1 Ne4 17. Ng1 Rae8 18. h4 Nf6 19. Nf3 Ng4 20. Qc2 f6 21. h5 g5 22. Nh3 Rxe3 23. Bxf5 Rxf3 24. Bxh7+ Kh8 25. Rce1 Be8 26. Bg6 Bxg6 27. hxg6 Qd7 28. Qe2 Qf5 29. Kg2 Rb3 30. Rh1 Qxg6 31. Qxg4 Rxb2 32. Nf4 Qh7 33. Qh5 gxf4 34. Re7 Qxe7 35. Qxh6+ Kg8 36. Qh8+ Kf7 37. Rh7+ Kg6 38. Rh6+ Kf5 39. Rh5+ Ke6 40. gxf4 Rxh8 0-1

[Event "CAN-op U1800"]
[Site "Sault Ste Marie CAN"]
[Date "2017.07.12"]
[Round "4.35"]
[White "Armstrong, Robert J"]
[Black "Toussaint, Claude"]
[Result "1/2-1/2"]
[WhiteElo "1503"]
[BlackElo "1516"]
[WhiteFideId "-1"]
[WhiteFideId "-1"]
[PlyCount "124"]
[GameId "2160767908344117"]
[EventDate "2017.07.08"]
[EventType "swiss"]
[EventRounds "9"]
[EventCountry "CAN"]
[SourceTitle "hb 2017"]

1. d4 Nf6 2. c4 e6 3. Nf3 b6 4. Nc3 Bb4 5. e3 Bb7 6. Be2 c5 7. O-O O-O 8. Bd2 cxd4 9. exd4 d5 10. a3 Be7 11. b4 dxc4 12. Bxc4 Nc6 13. Be3 Rc8 14. Qb3 Qc7 15. Nb5 Qb8 16. Ng5 a6 17. Nc3 b5 18. Bxe6 fxe6 19. Nxe6 Rf7 20. Ng5 Rcf8 21. Rfe1 Qd6 22. d5 Ng4 23. dxc6 Qxh2+ 24. Kf1 Nxe3+ 25. Rxe3 Bxc6 26. Nxf7 Qxg2+ 27. Ke2 Rxf7 28. Rf1 Qg4+ 29. f3 Qc4+ 30. Qxc4 bxc4 31. Re6 Bb7 32. Rb6 Bf6 33. Ne4 Re7 34. Ke3 Bb2 35. Rd1 c3 36. Rd8+ Kf7 37. Kd3 Bxe4+ 38. fxe4 Rc7 39. Kc2 Bxa3 40. Rdb8 Bb2 41. R8b7 Re7 42. Rxe7+ Kxe7 43. Rxa6 h5 44. e5 h4 45. Rg6 h3 46. Rxg7+ Ke6 47. b5 Kxe5 48. b6 Ba3 49. b7 Bd6 50. Kxc3 h2 51. Rh7 Kd5 52. Kd3 Kc6 53. Ke2 h1=Q 54. Rxh1 Kxb7 55. Kd3 Kc6 56. Kc4 Kd7 57. Kd5 Ba3 58. Rh7+ Kd8 59. Kc6 Ke8 60. Kc7 Kf8 61. Kd7 Kg8 62. Rh3 Bb4 1/2-1/2

[Event "CAN-op U1800"]
[Site "Sault Ste Marie CAN"]
[Date "2017.07.12"]
[Round "4.35"]
[White "Bui, Alan"]
[Black "Gillanders, Robert"]
[Result "1-0"]
[WhiteElo "1716"]
[BlackElo "1771"]
[WhiteFideId "-1"]
[WhiteFideId "-1"]
[PlyCount "69"]
[GameId "2160767908344118"]
[EventDate "2017.07.08"]
[EventType "swiss"]
[EventRounds "9"]
[EventCountry "CAN"]
[SourceTitle "hb 2017"]

1. d4 Nf6 2. Nf3 c5 3. c3 e6 4. Bf4 d5 5. e3 Nc6 6. Nbd2 cxd4 7. exd4 Be7 8. Bd3 h6 9. h3 Bd7 10. O-O Rc8 11. Ne5 O-O 12. Bh2 a6 13. f4 Qb6 14. Rb1 Nxd4 15. cxd4 Qxd4+ 16. Kh1 Bc6 17. Ndc4 Ne4 18. Bg1 Ng3+ 19. Kh2 Nxf1+ 20. Qxf1 dxc4 21. Bxd4 cxd3 22. Nxc6 Rxc6 23. Qxd3 Rd8 24. Qe3 Rd5 25. Bc3 Rf5 26. Qa7 Rb5 27. a4 Rbb6 28. Rd1 Bd6 29. g3 Bc5 30. Rd8+ Kh7 31. Qb8 Be7 32. Rh8+ Kg6 33. Qg8 Bf6 34. Qh7+ Kh5 35. g4+ 1-0

[Event "CAN-op U1800"]
[Site "Sault Ste Marie CAN"]
[Date "2017.07.12"]
[Round "4.36"]
[White "Inkpen, Wane"]
[Black "Sadler, Craig"]
[Result "1-0"]
[WhiteElo "1696"]
[BlackElo "1642"]
[WhiteFideId "-1"]
[WhiteFideId "-1"]
[PlyCount "63"]
[GameId "2160767908344119"]
[EventDate "2017.07.08"]
[EventType "swiss"]
[EventRounds "9"]
[EventCountry "CAN"]
[SourceTitle "hb 2017"]

1. d4 c6 2. Nf3 Nf6 3. e3 g6 4. Be2 Bg7 5. O-O O-O 6. c4 d6 7. Nc3 Bg4 8. h3 Bxf3 9. Bxf3 Nbd7 10. b3 e5 11. Ba3 Qc7 12. Qc2 Rfd8 13. d5 c5 14. g4 a6 15. Be2 Nf8 16. Rad1 Qd7 17. Bc1 h6 18. Ne4 Nxe4 19. Qxe4 f5 20. Qc2 Nh7 21. f4 exf4 22. gxf5 gxf5 23. exf4 Rf8 24. Bd3 Kh8 25. Kh2 Qf7 26. Rg1 Bd4 27. Bb2 Qf6 28. Bxd4 Qxd4 29. Rgf1 Rf6 30. Bxf5 Qe3 31. Rde1 Qd4 32. Re4 1-0

[Event "CAN-op U1800"]
[Site "Sault Ste Marie CAN"]
[Date "2017.07.11"]
[Round "4.37"]
[White "Sadler, Kirk"]
[Black "McNichol, Paul"]
[Result "1-0"]
[WhiteElo "1422"]
[BlackElo "1556"]
[WhiteFideId "-1"]
[WhiteFideId "-1"]
[PlyCount "57"]
[GameId "2160767908344120"]
[EventDate "2017.07.08"]
[EventType "swiss"]
[EventRounds "9"]
[EventCountry "CAN"]
[SourceTitle "hb 2017"]

1. e4 e5 2. Nf3 Nc6 3. Bb5 a6 4. Ba4 Nf6 5. O-O Be7 6. Re1 b5 7. Bb3 d6 8. h3 Na5 9. c3 Nxb3 10. Qxb3 c5 11. d4 c4 12. Qc2 Qc7 13. Bg5 O-O 14. Nbd2 Ne8 15. Nf1 Bxg5 16. Nxg5 f6 17. Nf3 f5 18. Qd2 fxe4 19. dxe5 exf3 20. Qd5+ Kh8 21. Qxa8 Bxh3 22. exd6 Qd7 23. Re7 Qg4 24. Ng3 Qg6 25. gxh3 h5 26. d7 h4 27. Rxe8 hxg3 28. Rxf8+ Kh7 29. Rh8# 1-0

[Event "CAN-op U1800"]
[Site "Sault Ste Marie CAN"]
[Date "2017.07.11"]
[Round "4.38"]
[White "Belanger, Robin"]
[Black "White, Chris"]
[Result "1-0"]
[WhiteElo "1439"]
[BlackElo "1720"]
[WhiteFideId "-1"]
[WhiteFideId "-1"]
[PlyCount "91"]
[GameId "2160767908344121"]
[EventDate "2017.07.08"]
[EventType "swiss"]
[EventRounds "9"]
[EventCountry "CAN"]
[SourceTitle "hb 2017"]

1. e4 e6 2. d4 d5 3. exd5 exd5 4. Bd3 Bd6 5. Ne2 Bg4 6. Nbc3 Ne7 7. Bg5 c6 8. Qd2 Qb6 9. O-O-O Na6 10. Rde1 O-O-O 11. Ng3 f6 12. Bf4 Qc7 13. Bxd6 Qxd6 14. h3 Bd7 15. Qe2 Rde8 16. Bxa6 Ng6 17. Bxb7+ Kxb7 18. Qd2 Nf4 19. Na4 Rxe1+ 20. Rxe1 Nxg2 21. Nc5+ Ka8 22. Re2 Bxh3 23. Nh5 Bg4 24. f3 Bxf3 25. Rxg2 Bxg2 26. Qxg2 Qe7 27. Kd2 Re8 28. Qf2 Qf7 29. Nf4 g5 30. Nfd3 h5 31. Ne5 Qc7 32. Qxf6 g4 33. Qg6 Rh8 34. Nxc6 Qf4+ 35. Kc3 Qc7 36. Ne5 Qa5+ 37. Kd3 Qb5+ 38. c4 dxc4+ 39. Nxc4 Rf8 40. Qe4+ Kb8 41. Qe5+ Kc8 42. Qe6+ Kd8 43. Qd5+ Kc8 44. Qa8+ Qb8 45. Qc6+ Kd8 46. Qd7# 1-0

[Event "CAN-op U1800"]
[Site "Sault Ste Marie CAN"]
[Date "2017.07.11"]
[Round "4.39"]
[White "Schmiege, Glen"]
[Black "Faust, Steven"]
[Result "0-1"]
[WhiteElo "1721"]
[BlackElo "1602"]
[WhiteFideId "-1"]
[WhiteFideId "-1"]
[PlyCount "68"]
[GameId "2160767908344122"]
[EventDate "2017.07.08"]
[EventType "swiss"]
[EventRounds "9"]
[EventCountry "CAN"]
[SourceTitle "hb 2017"]

1. d4 Nf6 2. c4 e6 3. Nc3 Bb4 4. Qc2 d5 5. cxd5 exd5 6. Bg5 h6 7. Bh4 g5 8. Bg3 Ne4 9. f3 Nxg3 10. hxg3 Qf6 11. e3 c5 12. Bb5+ Nc6 13. Nge2 O-O 14. Bxc6 bxc6 15. Kf2 Bf5 16. Rxh6 Qxh6 17. Qxf5 Bxc3 18. bxc3 Qg6 19. Qe5 Rae8 20. Qc7 Qe6 21. e4 dxe4 22. Rh1 exf3 23. Qe5 Qxe5 24. dxe5 fxe2 25. Kxe2 Rxe5+ 26. Kf3 Kg7 27. Kg4 f6 28. c4 Rd8 29. a4 Re4+ 30. Kf3 Rxc4 31. a5 Ra4 32. a6 Rxa6 33. Kg4 Ra4+ 34. Kh5 Re8 0-1

[Event "CAN-op U1800"]
[Site "Sault Ste Marie CAN"]
[Date "2017.07.12"]
[Round "4.41"]
[White "Orozco, Joey"]
[Black "Wang, Kai"]
[Result "1/2-1/2"]
[WhiteElo "1740"]
[BlackElo "1679"]
[WhiteFideId "-1"]
[WhiteFideId "-1"]
[PlyCount "84"]
[GameId "2160767908344123"]
[EventDate "2017.07.08"]
[EventType "swiss"]
[EventRounds "9"]
[EventCountry "CAN"]
[SourceTitle "hb 2017"]

1. c4 e5 2. Nc3 Nc6 3. a3 g6 4. g3 Bg7 5. Bg2 Nge7 6. e4 O-O 7. Nge2 f5 8. d3 fxe4 9. Bxe4 d6 10. Bg2 Bg4 11. h3 Bd7 12. O-O Qc8 13. Kh2 Nf5 14. Nd5 Kh8 15. b4 e4 16. Ra2 exd3 17. Qxd3 Ne5 18. Qc2 Be6 19. f4 Nxc4 20. Qxc4 c6 21. Qd3 cxd5 22. Bxd5 Bxd5 23. Qxd5 Re8 24. Qd3 Qe6 25. Nc3 Nd4 26. Rg2 Rac8 27. Nb5 Qd5 28. Nxd4 Qxd4 29. Qxd4 Bxd4 30. Rd1 Bg7 31. Bb2 Re6 32. Bxg7+ Kxg7 33. Rgd2 Kf7 34. Rxd6 Re2+ 35. Kg1 Rcc2 36. Rd7+ Kg8 37. Rb1 Rg2+ 38. Kf1 Rxg3 39. Rxb7 Rxh3 40. Kg1 Rg3+ 41. Kh1 g5 42. fxg5 Rh3+ 1/2-1/2

[Event "CAN-op U1800"]
[Site "Sault Ste Marie CAN"]
[Date "2017.07.12"]
[Round "4.42"]
[White "Konovalenko, Nicholas"]
[Black "Kuttner, Amos"]
[Result "0-1"]
[WhiteElo "1706"]
[BlackElo "1706"]
[WhiteFideId "-1"]
[WhiteFideId "-1"]
[PlyCount "102"]
[GameId "2160767908344124"]
[EventDate "2017.07.08"]
[EventType "swiss"]
[EventRounds "9"]
[EventCountry "CAN"]
[SourceTitle "hb 2017"]

1. d4 d5 2. c4 e6 3. Nc3 Nf6 4. cxd5 exd5 5. Bg5 Be7 6. Qc2 Nbd7 7. e3 O-O 8. Bd3 Re8 9. Nge2 h6 10. Bh4 c6 11. O-O Nh5 12. Bxe7 Qxe7 13. Rab1 a5 14. a3 Nf8 15. b4 axb4 16. axb4 Qg5 17. Ng3 Nxg3 18. hxg3 b5 19. Ra1 Bb7 20. Ra2 Rxa2 21. Nxa2 Nd7 22. Nc1 Nf6 23. Nb3 Ng4 24. Bf5 Qh5 25. Bxg4 Qxg4 26. Na5 Qd7 27. Rc1 Re6 28. Ra1 Qe7 29. Qc5 Qxc5 30. dxc5 Bc8 31. Nb3 Bd7 32. Ra7 Be8 33. Nd4 Rf6 34. f4 Kf8 35. Kf2 g5 36. Nf3 g4 37. Ne5 h5 38. Ra8 Re6 39. Ke2 f6 40. Nd7+ Kg7 41. Ra7 Re7 42. Nxf6 Kxf6 43. Ra3 Re4 44. Rb3 Rc4 45. Kd2 Bg6 46. Rb2 Be4 47. Ke1 Rc1+ 48. Kf2 Ra1 49. Rd2 Rb1 50. Rd4 Rb2+ 51. Kf1 Bxg2+ 0-1

[Event "CAN-op U1800"]
[Site "Sault Ste Marie CAN"]
[Date "2017.07.12"]
[Round "4.43"]
[White "Clarke, Brian"]
[Black "Zhao, Jeffrey Renfei"]
[Result "0-1"]
[WhiteElo "1690"]
[BlackElo "1525"]
[WhiteFideId "-1"]
[WhiteFideId "-1"]
[PlyCount "114"]
[GameId "2160767908344125"]
[EventDate "2017.07.08"]
[EventType "swiss"]
[EventRounds "9"]
[EventCountry "CAN"]
[SourceTitle "hb 2017"]

1. d4 d5 2. Bf4 Nf6 3. e3 e6 4. Bd3 Bd6 5. Bg3 O-O 6. Nd2 c5 7. c3 Nc6 8. Ngf3 b6 9. Bh4 Bb7 10. O-O Qe8 11. Bxf6 gxf6 12. g3 Kh8 13. Nh4 Rg8 14. Qf3 Qe7 15. e4 Nd8 16. Rae1 cxd4 17. cxd4 Bb4 18. Rd1 dxe4 19. Bxe4 Bxe4 20. Qxe4 Nb7 21. a3 Bd6 22. Rfe1 Rae8 23. Rc1 f5 24. Qf3 Qxh4 25. Qxb7 Qxd4 26. Nc4 Re7 27. Qf3 Bc7 28. b3 Qg7 29. Ne3 Qf8 30. Rc6 f4 31. Ng4 Qg7 32. Rec1 Bb8 33. Rc8 Ree8 34. Rxe8 Rxe8 35. Qc3 Qxc3 36. Rxc3 f5 37. Nf6 Rd8 38. Nh5 fxg3 39. hxg3 Kg8 40. Kg2 Kf7 41. Kf3 e5 42. g4 e4+ 43. Ke3 Be5 44. Rc6 Rd3+ 45. Ke2 f4 46. f3 Rxf3 47. Rh6 Rxb3 48. Rxh7+ Kg6 49. Re7 Rb5 50. Re8 Kg5 51. Rg8+ Kh4 52. Rg6 Rb2+ 53. Kf1 e3 54. Ng7 e2+ 55. Kf2 Bd4+ 56. Ke1 Bc3+ 57. Kf2 e1=Q+ 0-1